000 00824cam a2200253 4500
001 J2230
008 090401t1994 xxu||||| |||| 00| 0 eng d
035 _a(Sirsi) u47862
041 _aeng
050 _a692.8
090 _aJCT 1994/7AC
110 _aJoint Contracts Tribunal
_93664
245 _aStandard Form of Building Contract 1980 edition (incorporating Amendments 1 to 13). Practice Note 26: Valuation and certification for interim payments including variations.
260 _aLondon
_bRIBA Publications Ltd.
_c1994
300 _a4p. ; 30cm.
350 _a2.75
490 _aJCT Practice Note
_v26
650 _aINTERIM PAYMENTS
650 _aJCT STANDARD FORM OF CONTRACT 1980
650 _aPRACTICE NOTE 26
690 _aBUILT ENVIRONMENT-BUILDING CONTRACT FORMS
942 _n0
948 _c04/03/1997
999 _c92227
_d92227